|
|
|
|
| LEADER |
01174nam a2200265 a 4500 |
| 001 |
2563813 |
| 008 |
100112s1996 maua b 001 0 eng d |
| 010 |
|
|
|a 95076931
|
| 020 |
|
|
|a 0395736307
|
| 040 |
|
|
|a DLC
|c DLC
|d BD-DhAAL
|
| 082 |
0 |
0 |
|a 302
|2 20
|
| 100 |
1 |
|
|a Brehm, Sharon S.
|
| 245 |
1 |
0 |
|a Social psychology /
|c Sharon S. Brehm, Saul M. Kassin.
|
| 250 |
|
|
|a 3rd ed.
|
| 260 |
|
|
|a Boston :
|b Houghton Mifflin Co.,
|c c1996.
|
| 300 |
|
|
|a 1 v. (various pagings) :
|b ill. (some col.) ;
|c 26 cm.
|
| 504 |
|
|
|a Includes bibliographical references and indexes.
|
| 541 |
1 |
|
|e 00008056
|
| 650 |
|
0 |
|a Social psychology.
|
| 700 |
1 |
|
|a Kassin, Saul M.
|
| 852 |
4 |
|
|a Ayesha Abed Library
|j General Shelf.
|
| 999 |
|
|
|c 6954
|d 6954
|
| 952 |
|
|
|0 0
|1 0
|2 ddc
|4 0
|6 302_BRE_199600000000000
|7 0
|9 7190
|a BRACUL
|b BRACUL
|c GEN
|d 2010-01-13
|l 4
|m 36
|o 302 BRE
|p 3010008056
|r 2023-06-20
|s 2022-10-17
|t 1
|w 2010-01-13
|y BK
|
| 952 |
|
|
|0 0
|1 0
|2 ddc
|4 0
|6 302_000000000000000_BRE
|7 0
|9 24203
|a SCL
|b SCL
|c GEN
|d 2002-06-03
|l 0
|o 302 BRE
|p 3020003906
|r 2014-04-26
|t 2
|w 2014-04-26
|y BK
|
| 952 |
|
|
|0 0
|1 0
|2 ddc
|4 0
|6 302_000000000000000_BRE
|7 0
|9 24226
|a SCL
|b SCL
|c GEN
|d 2002-06-03
|l 1
|o 302 BRE
|p 3020003907
|r 2025-09-14
|s 2025-09-12
|t 3
|w 2014-04-26
|y BK
|